Les sportifs cités par La Rvfleuse - Statistiques

Statistiques générales
  • Ce quiz a été pris 61 fois
    12 depuis la dernière actualisation
  • Le résultat moyen est 12 sur 41
Statistiques - réponses
Hint Réponse % Correct
BasketBall Karl Anthony Towns
70%
Formule 1 Lewis Hamilton
70%
Tennis Arthur Fils
60%
Tennis Coco Gauff
60%
Football Cole Palmer
60%
BasketBall DeAaron Fox
60%
BasketBall Tyrese Haliburton
50%
Tennis Carlos Alcaraz
40%
Football Hugo Ekitike
40%
BasketBall Isaiah Thomas
40%
Judo Joan Gaba
40%
Football Alexis MacAllister
30%
Football Callum Hudson-Odoi
30%
BasketBall Chet Holmgren
30%
Football Georginio Rutter
30%
Tennis Giovanni Mpetshi Perricard
30%
Football Iago Aspas
30%
Football Kai Havertz
30%
BasketBall Lamelo Ball
30%
Football Mohamed Salah
30%
BasketBall Demar DeRozan
20%
Boxe Gervonta Davis
20%
Football Granit Xhaka
20%
Football Lautaro Martinez
20%
Football Maghnes Akliouche
20%
Football Mathys Tel
20%
BasketBall Nicolas Batum
20%
Football Piero Hincapie
20%
BasketBall Stephen Curry
20%
BasketBall Terry Rozier
20%
BasketBall Tyler Herro
20%
Lutte Brock Lesnar
10%
BasketBall Donte DiVincenzo
10%
Tennis Félix Auger-Aliassime
10%
Football Hamza Igamane
10%
Football Joao Pedro
10%
Football Jonathan Clauss
10%
MMA Paddy Pimblett
10%
Football Shaquille Harrison
10%
Football Zlatan Ibrahimovic
10%
Football Sebastien Haller
0%
Aucun quiz correspondant
Distribution des résultats
% des personnes avec chaque résultat
Percentile par nombre de réponses
Votre historique - résultats
Vous n’avez pas pris ce quiz depuis la dernière actualisation